Państwa wspomniane w filmach o Harrym Potterze - Statystyki

Ogólne statystyki
  • Ten quiz został rozwiązany 133 razy
    112 od ostatniego zresetowania
  • Średni wynik to 5 z 9
Statystyki odpowiedzi
Kontekst, w jakim wspomniano państwo Nazwa wymieniona w częściach Państwo % Poprawnych
Miejsce akcji całej serii Więzień Azkabanu Wielka Brytania
91%
Ich reprezentacja grała meczna mistrzostwach świata w quidditcha Czara ognia Irlandia
77%
Norbert, smok Rubeusa Hagrida, został tam odesłany Kamień filozoficzny, Czara ognia Rumunia
74%
Ich reprezentacja grała meczna mistrzostwach świata w quidditcha Czara ognia Bułgaria
67%
Część nazwy gatunku smoka Rubeusa Hagrida Kamień filozoficzny Norwegia
56%
Część nazwy gatunku smoka w pierwszym zadaniu turnieju Czara ognia Węgry
55%
Część nazwy gatunku smoka w pierwszym zadaniu turnieju Czara ognia Szwecja
50%
Część nazwy gatunku smoka w pierwszym zadaniu turnieju Czara ognia Chiny
41%
Część nazwy gatunku smoka w banku Gringotta Insygnia śmierci: Część II Ukraina
21%
Nie znaleziono quizów pasujących do podanych kryteriów
Rozkład punktacji
Procent ludzi z każdym wynikiem
Percentyl według liczby udzielonych odpowiedzi
Twoja historia wyników
Nie rozwiązałeś tego quizu od ostatniego zresetowania